Ľubo Vojtek

Bibliographic Details
Format: Article
Language:Slovak
PhysicalDescription:Fotogr.
ISSN:1335-0773
Subjects:

MARC

LEADER 00000nab a2200000 a 4500
001 vtls008955497
003 SK-MaSNL
005 20260304143544.0
008 250505c2007 xo mr|p|||||||000 b|slo
015 |a SNBRB2007/03  |2 snkbucl 
035 |a (sysno)vtls008955497 
035 |a urn:nbn:sk:snk-ab7bz7 
035 |a (uuid)714331c7-ab38-480c-a9c5-2a845fcab47b 
035 |a (urnnbn)urn:nbn:sk:snk:ar-a07i6u 
038 |a SNKBUCL 
040 |a SNKBUCL  |b slo  |c SNKBUCL  |e AACR2 
041 0 |a slo 
044 |a xo  |c SK 
080 |a 77.04-051  |2 2001 
245 0 0 |a Ľubo Vojtek  |c [autor] (JF) 
300 |b Fotogr. 
500 |a Biogr. údaje 
600 1 7 |a Vojtek, Ľubo  |d 1961-  |2 snkbucl  |9 1464541 
773 0 |t Fototip  |g Roč. XIV, č. 3 (2007), s. 14-17  |x 1335-0773 
850 |a Slovenská národná knižnica 
852 |a Slovenská národná knižnica 
954 |a odborná, vedecká literatúra pôvodná (slovenská)  |2 lita 
958 |a article27 
958 |a SK 
958 |a OND 
958 |a EUIPO 
999 |c 2926099  |d 2928029